<?xml version="1.0" encoding="UTF-8"?>
<marc:record xmlns:marc="http://www.loc.gov/MARC21/slim">
   <marc:leader>00000nam a2200000 a 4500</marc:leader>
   <marc:datafield ind1="1" ind2=" " tag="100">
      <marc:subfield code="a">Miodownik, Mark</marc:subfield>
      <marc:subfield code="4">aut</marc:subfield>
      <marc:subfield code="e">Verfasser/-in</marc:subfield>
   </marc:datafield>
   <marc:datafield ind1=" " ind2=" " tag="653">
      <marc:subfield code="a">Stoffeigenschaft</marc:subfield>
   </marc:datafield>
   <marc:datafield ind1=" " ind2=" " tag="653">
      <marc:subfield code="a">Werkstoff</marc:subfield>
   </marc:datafield>
   <marc:datafield ind1="0" ind2="0" tag="245">
      <marc:subfield code="a">Wunderstoffe</marc:subfield>
   </marc:datafield>
   <marc:datafield ind1="0" ind2="0" tag="245">
      <marc:subfield code="b">zehn Materialien, die unsere Zivilisation ausmachen</marc:subfield>
   </marc:datafield>
   <marc:datafield ind1="0" ind2="0" tag="245">
      <marc:subfield code="c">Mark Miodownik. Jürgen Neubauer</marc:subfield>
   </marc:datafield>
   <marc:datafield ind1=" " ind2="1" tag="264">
      <marc:subfield code="a">München</marc:subfield>
      <marc:subfield code="b">Deutsche Verlags-Anstalt</marc:subfield>
      <marc:subfield code="c">2016</marc:subfield>
   </marc:datafield>
   <marc:datafield ind1=" " ind2=" " tag="250">
      <marc:subfield code="a">1. Auflage</marc:subfield>
   </marc:datafield>
   <marc:datafield ind1="1" ind2=" " tag="520">
      <marc:subfield code="a">Angaben aus der Verlagsmeldung ## ##  Wunderstoffe : Zehn Materialien, die unsere Zivilisation ausmachen Stuff Matters: The Strange Stories of the Marvellous Materials That Shape Our Man-Made World / von Mark Miodownik ## #Ein origineller Einblick in die faszinierende Welt der Materialien##Warum ist Glas durchsichtig? Wieso bricht Porzellan so leicht? Was macht aus Kakaobohnen gute Schokolade? Warum kann sich Beton selbst heilen? Der englische Materialforscher Mark Miodownik begibt sich tief ins Innere von menschengemachten Materialien, die für uns alltäglich und meist auch ganz unentbehrlich sind, deren Geheimnisse wir aber selten kennen. Er zeigt auf unterhaltsame Weise und für jeden verständlich ihre verborgenen faszinierenden Seiten, die erklären, warum diese Stoffe auf der ganzen Welt verbreitet sind und zu wichtigen Bausteinen unserer Zivilisation wurden. Ein Buch, das uns die Dinge in unserer Umgebung mit neuen Augen betrachten lässt und Begeisterung weckt für die Welt der Kristallgitter, Moleküle und wundersamen Mixturen.</marc:subfield>
   </marc:datafield>
   <marc:datafield ind1=" " ind2=" " tag="020">
      <marc:subfield code="a">9783421047380</marc:subfield>
      <marc:subfield code="9">9783421047380</marc:subfield>
   </marc:datafield>
   <marc:datafield ind1=" " ind2=" " tag="041">
      <marc:subfield code="a">ger</marc:subfield>
   </marc:datafield>
   <marc:datafield ind1=" " ind2=" " tag="300">
      <marc:subfield code="a">304 Seiten</marc:subfield>
   </marc:datafield>
</marc:record>
